| 000 | 00597nam a2200169 i 4500 | ||
|---|---|---|---|
| 001 | 35585 | ||
| 003 | ES-MaACL | ||
| 005 | 20230906155146.0 | ||
| 007 | t| | ||
| 008 | 030213m19371940ag ||||1| spa d | ||
| 100 | 1 |
_aBosch Arana, Guillermo. _930647 |
|
| 245 | 1 | 0 |
_aTécnica quirúrgica sincronizada / _cGuillermo Bosch Arana en colaboración con los jefes de trabajos prácticos Carlos Fernicola ... [et al.]. |
| 260 |
_aBuenos Aires : _bAniceto López, _c1937-40. |
||
| 300 |
_a2 v. : _bil., 13 lám. ; _c27 cm. |
||
| 700 | 1 |
_aFernicola, Carlos. _950212 |
|
| 852 |
_aES-MaACL _jE-1531-32 _bR.27156 |
||
| 999 |
_c35585 _d35585 |
||